00536nam a22001697a 450000500170000001000150001702000260003203500140005803700090007208200170008124500860009825000060018426000400019027000840023030000200031470000320033420250808112721.0 aENG-146382 c525.00a9789361630361 aEN-129914 bDBAD a346.5406421 aLegum Liber: bA Compilation of Case Studies in Law/cEdited By Yazhini Kuppusamy a1 aMaduraibShanlax Publicationsc2025 a61, T.P.K., Main Road, Vasantha NagarbMadurai e625003mshanlax_1990@yahoo.com a185p.c25cm(pb) aKuppusamy, Yazhini eEditor